[Event "Rilton Cup 51st"]
[Site "Stockholm"]
[Date "2024.01.04"]
[Round "8"]
[White "Martins, David Pires Tavares"]
[Black "Czernek, Tymon"]
[Result "1/2-1/2"]
[WhiteElo "2428"]
[BlackElo "2324"]
[PlyCount "76"]
[EventDate "2023.12.27"]
[EventType "swiss"]
[EventRounds "9"]
[EventCountry "SWE"]
[SourceTitle "CB02_2024"]
[SourceDate "2024.01.10"]
[SourceVersion "1"]
[SourceVersionDate "2024.01.10"]
[SourceQuality "1"]

1. Nf3 d5 2. c4 e6 3. g3 Nf6 4. Bg2 c6 5. b3 Bd6 6. Bb2 Nbd7 7. d4 0-0 8. 0-0 b6 9. Nfd2 Bb7 10. Nc3 Rc8 11. cxd5 exd5 12. Re1 Re8 13. Rc1 Bf8 14. Qc2 c5 15. e3 cxd4 16. exd4 Rxe1+ 17. Rxe1 b5 18. a3 b4 19. axb4 Bxb4 20. Rc1 Qb6 21. Qd1 Kh8 22. Na4 Rxc1 23. Qxc1 Bxd2 24. Qxd2 Qxb3 25. Nc5 Qb6 26. Bh3 Nf8 27. Qe2 Bc6 28. Bf5 Kg8 29. h4 Bb5 30. Qe1 Bd7 31. Nxd7 Qxb2 32. Nxf6+ gxf6 33. Qd1 a5 34. Kg2 Qb4 35. h5 h6 36. Qg4+ Kh8 37. Qf4 Kg7 38. Qg4+ Kh8 1/2-1/2

[Event "Polanica Zdroj op 59th"]
[Site "Polanica Zdroj"]
[Date "2023.08.26"]
[Round "8"]
[White "Kazakouski, Valery"]
[Black "Czernek, Tymon"]
[Result "1-0"]
[WhiteElo "2558"]
[BlackElo "2288"]
[PlyCount "57"]
[EventDate "2023.08.19"]
[EventType "swiss"]
[EventRounds "9"]
[EventCountry "POL"]
[SourceTitle "CBM 215 Extra"]
[Source "ChessBase"]
[SourceDate "2023.09.30"]
[SourceVersion "1"]
[SourceVersionDate "2023.09.30"]
[SourceQuality "1"]

1. c4 Nf6 2. Nc3 e5 3. Nf3 d6 4. d4 exd4 5. Nxd4 g6 6. g3 Bg7 7. Bg2 0-0 8. 0-0 Nbd7 9. e4 a6 10. h3 Re8 11. Be3 Rb8 12. b3 c5 13. Nde2 b5 14. Qxd6 bxc4 15. bxc4 Qa5 16. Rab1 Rxb1 17. Rxb1 Ne5 18. Qxc5 Qxc5 19. Bxc5 Nxc4 20. f4 Be6 21. Bf2 Rd8 22. e5 Ne8 23. Nd4 Bf8 24. Nxe6 fxe6 25. Ne4 h6 26. Bf1 Nd2 27. Nxd2 Rxd2 28. Bxa6 Rxa2 29. Bc4 1-0

[Event "Titled Tuesday intern op 25th Jul Late"]
[Site "Chess.com INT"]
[Date "2023.07.25"]
[Round "6"]
[White "Fressinet, Laurent"]
[Black "Czernek, Tymon"]
[Result "1-0"]
[WhiteElo "2652"]
[BlackElo "2307"]
[PlyCount "76"]
[EventDate "2023.07.25"]
[EventType "swiss (blitz)"]
[EventRounds "11"]
[EventCountry "USA"]
[SourceTitle "EXT 2024"]
[Source "ChessBase"]
[SourceDate "2023.10.10"]
[SourceVersion "1"]
[SourceVersionDate "2023.10.10"]
[SourceQuality "1"]

1. d4 Nf6 2. Nf3 e6 3. Bg5 d5 4. Nbd2 Be7 5. e3 0-0 6. Bd3 h6 7. Bf4 c5 8. c3 Nh5 9. Be5 Nc6 10. g4 f6 11. Bg3 Nxg3 12. hxg3 e5 13. Bf5 Bxf5 14. gxf5 Qd7 15. g4 cxd4 16. cxd4 exd4 17. exd4 Rfe8 18. Kf1 Bb4 19. Nb3 Re4 20. a3 Bd6 21. Nbd2 Rf4 22. Qb3 Qf7 23. Rg1 Nxd4 24. Nxd4 Rxd4 25. Nf3 Rf4 26. Rd1 Rc8 27. Nd4 Bc5 28. Ne6 Rxf2+ 29. Ke1 Bb6 30. Qxb6 axb6 31. Kxf2 Rc2+ 32. Kg3 Qd7 33. Kh3 Qd6 34. Rg3 Kh7 35. b4 Qe5 36. Nf8+ Kg8 37. Ng6 Qe2 38. Rh1 d4 1-0